|
|
|
|
| LEADER |
01213nab a2200361 i 4500 |
| 001 |
publ18562 |
| 005 |
20200416105202.0 |
| 008 |
200416s2020 hu o 0|| zxx d |
| 022 |
|
|
|a 1541-6933
|
| 024 |
7 |
|
|a 10.1007/s12028-019-00777-6
|2 doi
|
| 024 |
7 |
|
|a 30969663
|2 mtmt
|
| 040 |
|
|
|a SZTE Publicatio Repozitórium
|b hun
|
| 041 |
|
|
|a zxx
|
| 100 |
1 |
|
|a Helbok Raimund
|
| 245 |
1 |
0 |
|a What Should a Clinician Do When Spreading Depolarizations are Observed in a Patient?
|h [elektronikus dokumentum] /
|c Helbok Raimund
|
| 260 |
|
|
|c 2020
|
| 300 |
|
|
|a 306-310
|
| 490 |
0 |
|
|a NEUROCRITICAL CARE
|v 32
|
| 700 |
0 |
1 |
|a Hartings Jed A.
|e aut
|
| 700 |
0 |
1 |
|a Schiefecker Alois J.
|e aut
|
| 700 |
0 |
1 |
|a Balança Baptiste
|e aut
|
| 700 |
0 |
1 |
|a Jewell Sharon L.
|e aut
|
| 700 |
0 |
1 |
|a Foreman Brandon
|e aut
|
| 700 |
0 |
1 |
|a Ercole Ari
|e aut
|
| 700 |
0 |
1 |
|a Balu Ramani
|e aut
|
| 700 |
0 |
1 |
|a Ayata Cenk
|e aut
|
| 700 |
0 |
1 |
|a Ngwenya Laura
|e aut
|
| 700 |
0 |
1 |
|a Rosenthal Eric
|e aut
|
| 700 |
0 |
1 |
|a Boutelle Martin G.
|e aut
|
| 700 |
0 |
1 |
|a Farkas Eszter
|e aut
|
| 700 |
0 |
1 |
|a Dreier Jens P.
|e aut
|
| 700 |
0 |
1 |
|a Fabricius Martin
|e aut
|
| 856 |
4 |
0 |
|u http://publicatio.bibl.u-szeged.hu/18562/1/Helbok2020_Article_WhatShouldAClinicianDoWhenSpre.pdf
|z Dokumentum-elérés
|